History Quiz

Random History Quiz

Civil War Who's Who Quiz Stats

Quiz not verified by Sporcle

Challenge
Share
Tweet
Score 0/37 Timer 20:00
0 Plays Today
% Correct
Abraham Lincoln
99.6%
Robert E. Lee
97.7%
Ulysses S. Grant
96.7%
Jefferson Davis
90.8%
William Tecumseh Sherman
86.9%
Ambrose Burnside
78.2%
Thomas J. 'Stonewall' Jackson
77.3%
Frederick Douglass
71.6%
John Wilkes Booth
66%
John Brown
64.7%
James Longstreet
57.6%
George Pickett
56.7%
Clara Barton
56.3%
Winfield Scott
54.6%
George B. McClellan
53.9%
Joseph E. Johnston
52.8%
James Ewell Brown 'Jeb' Stuart
51.5%
George G. Meade
51.1%
James Buchanan
47.2%
% Correct
Edwin M. Stanton
47.1%
Pierre Gustave Toutant 'P.G.T.' Beauregard
46.3%
Dred Scott
45.6%
David Farragut
42.8%
Joseph Hooker
40.9%
William H. Seward
38.6%
Nathan Bedford Forrest
38%
Philip Sheridan
34.9%
Alexander Stephens
31.1%
Judah P. Benjamin
22.3%
Irvin McDowell
19.9%
John Pope
19.6%
Harriet Beecher Stowe
17.9%
Mathew Brady
14.8%
John C. Breckinridge
14.3%
Raphael Semmes
7.3%
John C. Fremont
7.3%
James Waddell
2.4%

You're not logged in!

Compare scores with friends on all Sporcle quizzes.
Sign Up with Email
OR
Log In

You Might Also Like...

Show Comments

Extras

Top Quizzes Today


Score Distribution

Your Account Isn't Verified!

In order to create a playlist on Sporcle, you need to verify the email address you used during registration. Go to your Sporcle Settings to finish the process.